[Event "EU Small Countries ol 8th"]
[Site "St Helier"]
[Date "2023.11.04"]
[Round "9.4"]
[White "Leardini, Mirko"]
[Black "Wojciechowski, Paul"]
[Result "0-1"]
[WhiteElo "1587"]
[BlackElo "1904"]
[PlyCount "97"]
[EventDate "2023.10.29"]
[EventType "team-tourn"]
[EventRounds "9"]
[EventCountry "GCI"]
[SourceTitle "CBM 217 Extra"]
[Source "ChessBase"]
[SourceDate "2024.01.31"]
[SourceVersion "1"]
[SourceVersionDate "2024.01.31"]
[SourceQuality "1"]
[WhiteTeam "San Marino"]
[BlackTeam "Jersey"]
[WhiteTeamCountry "SMR"]
[BlackTeamCountry "GCI"]

1. e4 c5 2. Nc3 d6 3. d4 cxd4 4. Qxd4 Nc6 5. Qd2 Nf6 6. b3 a6 7. Bb2 e6 8. 0-0-0 b5 9. f4 Qb6 10. Bd3 Bb7 11. Nf3 Be7 12. Kb1 Rd8 13. h3 0-0 14. g4 d5 15. exd5 Nxd5 16. Nxd5 Rxd5 17. a3 Rfd8 18. Rhf1 Na5 19. Qe2 Qd6 20. Qd2 b4 21. axb4 Qxb4 22. Bc3 Qa3 23. Bxa5 Rxa5 24. Qc3 Bxf3 25. Bxh7+ Kxh7 26. Rxd8 Qa2+ 27. Kc1 Qa1+ 28. Kd2 Qxc3+ 29. Kxc3 Bxd8 30. Rxf3 Kg6 31. h4 Bxh4 32. Kd3 Be7 33. c4 f5 34. gxf5+ Kxf5 35. Rg3 g6 36. Ke3 Ra3 37. Kd4 a5 38. c5 a4 39. c6 Bd6 40. Rg5+ Kf6 41. Ra5 Rxb3 42. Rxa4 Bxf4 43. Kc4 Rb6 44. Kc5 Be3+ 45. Kd6 g5 46. Kd7 Bf4 47. Rxf4+ gxf4 48. c7 Rb7 49. Kc6 0-1

[Event "Jersey op"]
[Site "St Clement Bay"]
[Date "2019.04.09"]
[Round "5"]
[White "Steffens, Olaf"]
[Black "Wojciechowski, Paul"]
[Result "1-0"]
[WhiteElo "2178"]
[BlackElo "1912"]
[PlyCount "61"]
[EventDate "2019.04.06"]
[EventType "swiss"]
[EventRounds "9"]
[EventCountry "GCI"]
[SourceTitle "CBM 189 Extra"]
[Source "ChessBase"]
[SourceDate "2019.05.31"]
[SourceVersion "1"]
[SourceVersionDate "2019.05.31"]
[SourceQuality "1"]

1. b4 Nf6 2. Bb2 d5 3. Nf3 e6 4. b5 c5 5. e3 Bd6 6. c4 Nbd7 7. a4 0-0 8. Be2 Qc7 9. d3 Ne5 10. Nbd2 Bd7 11. Qc2 b6 12. Qc3 Ng6 13. h4 e5 14. cxd5 Nxd5 15. Qb3 Nb4 16. h5 Ne7 17. Nc4 Be6 18. Ng5 Qd7 19. h6 g6 20. Ne4 f6 21. Nexd6 Qxd6 22. Qxb4 Qd5 23. Qb3 Qxg2 24. Rf1 Rad8 25. a5 Rd7 26. axb6 axb6 27. Ra6 Rb8 28. Qa4 Nd5 29. Ra8 Rbd8 30. Rxd8+ Rxd8 31. Qa7 1-0

[Event "Jersey op"]
[Site "St Clement Bay"]
[Date "2019.04.08"]
[Round "3"]
[White "Hill, Alistair"]
[Black "Wojciechowski, Paul"]
[Result "1-0"]
[WhiteElo "2199"]
[BlackElo "1912"]
[PlyCount "37"]
[EventDate "2019.04.06"]
[EventType "swiss"]
[EventRounds "9"]
[EventCountry "GCI"]
[SourceTitle "CBM 189 Extra"]
[Source "ChessBase"]
[SourceDate "2019.05.31"]
[SourceVersion "1"]
[SourceVersionDate "2019.05.31"]
[SourceQuality "1"]

1. d4 Nf6 2. c4 g6 3. Nc3 d5 4. Bf4 Bg7 5. e3 0-0 6. Rc1 c5 7. dxc5 Qa5 8. cxd5 Rd8 9. Bc4 Qxc5 10. Qb3 a6 11. Nge2 b5 12. Bd3 Bb7 13. e4 Qb6 14. Nxb5 Ng4 15. 0-0 e5 16. dxe6 Rxd3 17. exf7+ Kf8 18. Qxd3 axb5 19. Rc7 1-0

[Event "Olympiad-43"]
[Site "Batumi"]
[Date "2018.09.27"]
[Round "4.87"]
[White "Dabuae, David"]
[Black "Wojciechowski, Paul"]
[Result "0-1"]
[WhiteElo "1723"]
[BlackElo "1904"]
[PlyCount "111"]
[EventDate "2018.09.24"]
[EventType "team-swiss"]
[EventRounds "11"]
[EventCountry "GEO"]
[SourceTitle "CBM 187"]
[Source "ChessBase"]
[SourceDate "2018.12.11"]
[SourceVersion "1"]
[SourceVersionDate "2018.12.11"]
[SourceQuality "1"]
[WhiteTeam "Nauru"]
[BlackTeam "Jersey"]
[WhiteTeamCountry "NAU"]
[BlackTeamCountry "GCI"]

1. e4 c5 2. Nf3 d6 3. d4 cxd4 4. Nxd4 Nf6 5. Nc3 a6 6. g3 e5 7. Nb3 Be7 8. Bg2 Be6 9. 0-0 Nbd7 10. h3 0-0 11. Be3 Rc8 12. f4 Nb6 13. f5 Bd7 14. Nd2 Bc6 15. g4 Nfd7 16. a4 a5 17. Qf3 Nc5 18. Bxc5 dxc5 19. Rfd1 Qc7 20. Nb3 Nc4 21. Nb5 Bxb5 22. axb5 b6 23. Nd2 Nxb2 24. Rdb1 Bg5 25. Qc3 Bxd2 26. Qxd2 Nc4 27. Qe2 Nd6 28. Rd1 Rcd8 29. c4 Nc8 30. Rd5 Ne7 31. Re1 Nxd5 32. exd5 f6 33. Be4 Qd6 34. Ra1 Rf7 35. Ra3 Ra7 36. h4 Qe7 37. Qg2 Rd6 38. g5 Kh8 39. Rg3 a4 40. Ra3 Ra8 41. Qa2 fxg5 42. h5 g4 43. Qh2 Ra5 44. Qg3 h6 45. Qxg4 Qg5 46. Qxg5 hxg5 47. Kg2 Kg8 48. Kf3 Kf7 49. Kg4 Kf6 50. Bb1 Rd8 51. Rh3 a3 52. h6 a2 53. Bxa2 Rxa2 54. hxg7 Rg2+ 55. Rg3 Rxg3+ 56. Kxg3 0-1

[Event "Jersey op"]
[Site "St Clement Bay"]
[Date "2018.04.04"]
[Round "6.15"]
[White "Wojciechowski, Paul"]
[Black "Byron, Alan M"]
[Result "1/2-1/2"]
[WhiteElo "1895"]
[BlackElo "2128"]
[PlyCount "101"]
[EventDate "2018.03.31"]
[EventType "swiss"]
[EventRounds "9"]
[EventCountry "GCI"]
[SourceTitle "CBM 183 Extra"]
[Source "ChessBase"]
[SourceDate "2018.04.19"]
[SourceVersion "1"]
[SourceVersionDate "2018.04.19"]
[SourceQuality "1"]

1. e4 c5 2. Nf3 e6 3. d4 cxd4 4. Nxd4 a6 5. Nc3 Qc7 6. Be3 Nf6 7. Qd2 b5 8. f3 Nc6 9. g4 Bb7 10. g5 Nh5 11. 0-0-0 Bb4 12. Nxc6 Bxc6 13. Kb1 Ba5 14. Qd4 Rb8 15. Ne2 Bb6 16. Qd3 Bxe3 17. Qxe3 0-0 18. f4 f5 19. Bg2 Rbc8 20. Rhg1 g6 21. Ng3 Nxg3 22. hxg3 Qb7 23. Rge1 Rc7 24. Rd2 b4 25. Ree2 fxe4 26. Bxe4 a5 27. Bd3 Bd5 28. Rh2 Qa7 29. Qxa7 Rxa7 30. Rh6 Rf7 31. Rdh2 Rg7 32. b3 a4 33. Rd2 Ra5 34. Rh4 Kf8 35. Rdh2 Kg8 36. Rd2 d6 37. Re2 Rc7 38. Reh2 Rg7 39. Re2 Rc7 40. Reh2 Rg7 41. Rd2 Rga7 42. Rdh2 axb3 43. cxb3 Bxb3 44. Bxg6 Bxa2+ 45. Kb2 Bd5 46. Bxh7+ Kf8 47. Bb1 Rg7 48. Rh8+ Rg8 49. R8h7 Rg7 50. Rh8+ Rg8 51. R8h7 1/2-1/2

[Event "BCF-chT3S 1718 (4NCL) Demotion pool"]
[Site "England"]
[Date "2018.03.25"]
[Round "8.74"]
[White "Wojciechowski, Paul"]
[Black "Compton, Alistair"]
[Result "1/2-1/2"]
[WhiteElo "1895"]
[BlackElo "2078"]
[PlyCount "37"]
[EventDate "2017.11.11"]
[EventType "team-tourn"]
[EventRounds "11"]
[EventCountry "ENG"]
[SourceTitle "EXT 2020"]
[Source "ChessBase"]
[SourceDate "2019.10.17"]
[SourceVersion "1"]
[SourceVersionDate "2019.10.17"]
[SourceQuality "1"]
[WhiteTeam "Leeds University Old Boys"]
[BlackTeam "The Rookies"]
[WhiteTeamCountry "ENG"]
[BlackTeamCountry "ENG"]

1. e4 e6 2. d4 d5 3. Nd2 dxe4 4. Nxe4 Bd7 5. Nf3 Bc6 6. Bd3 Nd7 7. 0-0 Ngf6 8. Qe2 Nxe4 9. Bxe4 Bxe4 10. Qxe4 c6 11. c4 Be7 12. Bd2 0-0 13. Rfe1 Bf6 14. Rad1 c5 15. Bc3 Qc7 16. b3 Rfd8 17. Qc2 cxd4 18. Bxd4 Bxd4 19. Rxd4 1/2-1/2

[Event "Olympiad-42"]
[Site "Baku"]
[Date "2016.09.12"]
[Round "10.1"]
[White "Kirby, Peter J"]
[Black "Wojciechowski, Paul"]
[Result "1/2-1/2"]
[WhiteElo "2014"]
[BlackElo "1992"]
[PlyCount "61"]
[EventDate "2016.09.02"]
[EventType "team-swiss"]
[EventRounds "11"]
[EventCountry "AZE"]
[SourceTitle "CBM 175"]
[Source "ChessBase"]
[SourceDate "2016.11.10"]
[SourceVersion "1"]
[SourceVersionDate "2016.11.10"]
[SourceQuality "1"]
[WhiteTeam "Guernsey"]
[BlackTeam "Jersey"]
[WhiteTeamCountry "GCI"]
[BlackTeamCountry "GCI"]

1. c4 e5 2. Nc3 Bb4 3. g3 Nf6 4. Bg2 0-0 5. Nf3 Nc6 6. 0-0 d6 7. d3 h6 8. Bd2 a6 9. a3 Bc5 10. b4 Ba7 11. Rb1 Re8 12. Ne1 Nd4 13. e3 Ne6 14. Nc2 Ng5 15. Qe2 Bh3 16. Nd5 Nxd5 17. cxd5 e4 18. Bxh3 Nxh3+ 19. Kg2 Ng5 20. dxe4 Nxe4 21. Rbd1 Qg5 22. f3 Nxd2 23. Qxd2 Bxe3 24. Qd3 Bb6 25. Rfe1 Qf6 26. Re4 Rxe4 27. Qxe4 Qe5 28. Qd3 Qf6 29. Re1 g6 30. Re4 a5 31. b5 1/2-1/2

[Event "Olympiad-42"]
[Site "Baku"]
[Date "2016.09.05"]
[Round "4.1"]
[White "Wojciechowski, Paul"]
[Black "Machin Rivera, Mark"]
[Result "0-1"]
[WhiteElo "1992"]
[BlackElo "2339"]
[PlyCount "82"]
[EventDate "2016.09.02"]
[EventType "team-swiss"]
[EventRounds "11"]
[EventCountry "AZE"]
[SourceTitle "CBM 175"]
[Source "ChessBase"]
[SourceDate "2016.11.10"]
[SourceVersion "1"]
[SourceVersionDate "2016.11.10"]
[SourceQuality "1"]
[WhiteTeam "Jersey"]
[BlackTeam "Puerto Rico"]
[WhiteTeamCountry "GCI"]
[BlackTeamCountry "PUR"]

1. e4 g6 2. d4 Bg7 3. Nc3 d6 4. f4 a6 5. Nf3 b5 6. Bd3 Nd7 7. 0-0 c5 8. dxc5 Nxc5 9. Be3 Bb7 10. e5 Nxd3 11. cxd3 dxe5 12. fxe5 Nh6 13. d4 0-0 14. Qe2 Nf5 15. Rad1 b4 16. Na4 Bc6 17. Nc5 Bb5 18. Nd3 Qd5 19. Qd2 Bxd3 20. Qxd3 Qxa2 21. b3 Qa5 22. Bc1 e6 23. Bb2 Qb6 24. Kh1 a5 25. Ra1 Rad8 26. Qe4 Rd5 27. Rac1 Bh6 28. Rce1 Rc8 29. Rf2 Qb7 30. g4 Ne7 31. h4 Rd7 32. Qd3 Bf4 33. Re4 Nd5 34. Kg1 Bc1 35. Ng5 Bxb2 36. Rxb2 Rc1+ 37. Kh2 Nc3 38. Qd2 Rd1 39. Qg2 h6 40. Rf4 Qxg2+ 41. Kxg2 hxg5 0-1

[Event "Olympiad-42"]
[Site "Baku"]
[Date "2016.09.02"]
[Round "1.1"]
[White "Wojciechowski, Paul"]
[Black "Gomez, John Paul"]
[Result "0-1"]
[WhiteElo "1992"]
[BlackElo "2492"]
[PlyCount "99"]
[EventDate "2016.09.02"]
[EventType "team-swiss"]
[EventRounds "11"]
[EventCountry "AZE"]
[SourceTitle "CBM 175"]
[Source "ChessBase"]
[SourceDate "2016.11.10"]
[SourceVersion "1"]
[SourceVersionDate "2016.11.10"]
[SourceQuality "1"]
[WhiteTeam "Jersey"]
[BlackTeam "Philippines"]
[WhiteTeamCountry "GCI"]
[BlackTeamCountry "PHI"]

1. e4 c5 2. Nf3 g6 3. d4 cxd4 4. Nxd4 Nc6 5. Nc3 Bg7 6. Be3 Nf6 7. Bc4 0-0 8. Bb3 d6 9. f3 Nxd4 10. Bxd4 Be6 11. Qd2 Qa5 12. 0-0 a6 13. Rad1 Rfc8 14. Rfe1 Nd7 15. Nd5 Bxd4+ 16. Qxd4 Qd8 17. f4 Nc5 18. c4 b5 19. f5 Bxd5 20. exd5 Nd7 21. Re3 bxc4 22. Bxc4 Ne5 23. b3 Qf8 24. fxg6 hxg6 25. Rf1 Qg7 26. Qh4 Rc7 27. Rh3 a5 28. Qe4 a4 29. Rg3 Rb8 30. h4 Qh6 31. Rg5 Rbc8 32. Qe1 f6 33. Rg3 Qxh4 34. Qe3 axb3 35. axb3 Rxc4 36. bxc4 Rxc4 37. Rb1 Qd4 38. Qxd4 Rxd4 39. Rb5 Kf7 40. Kf1 f5 41. Ke2 Kf6 42. Rc3 Re4+ 43. Re3 Rc4 44. g3 g5 45. Ra3 Rc2+ 46. Ke1 g4 47. Re3 Ra2 48. Rb8 Kf7 49. Rb5 Nf3+ 50. Kf1 0-1

[Event "BCF-chT3Sa 1516 (4NCL)"]
[Site "England"]
[Date "2016.02.13"]
[Round "5.86"]
[White "Wojciechowski, Paul"]
[Black "Edgell, Ben P"]
[Result "1/2-1/2"]
[WhiteElo "2008"]
[BlackElo "2130"]
[PlyCount "60"]
[EventDate "2015.11.14"]
[EventType "team-swiss"]
[EventRounds "7"]
[EventCountry "ENG"]
[SourceTitle "EXT 2017"]
[Source "ChessBase"]
[SourceDate "2016.10.25"]
[SourceVersion "1"]
[SourceVersionDate "2016.10.25"]
[SourceQuality "1"]
[WhiteTeam "Leeds University Old Boys"]
[BlackTeam "West is Best"]
[WhiteTeamCountry "ENG"]
[BlackTeamCountry "ENG"]

1. e4 c6 2. d4 d5 3. Nc3 dxe4 4. Nxe4 Nd7 5. Nf3 Ngf6 6. Nxf6+ Nxf6 7. Bd3 Bg4 8. c3 Qd5 9. Bf4 e6 10. h3 Bxf3 11. Qxf3 Qxf3 12. gxf3 0-0-0 13. 0-0-0 Nh5 14. Bg3 Bd6 15. Rhg1 g6 16. Kc2 Bf4 17. Bc4 b5 18. Bd3 Kc7 19. Rde1 Rhe8 20. Re4 Bd6 21. b3 f5 22. Re2 Bf4 23. b4 a5 24. a3 axb4 25. axb4 Ra8 26. Kb3 Ra7 27. Bb1 Kd6 28. Ra2 Rxa2 29. Bxa2 e5 30. dxe5+ Rxe5 1/2-1/2

[Event "Jersey op"]
[Site "St Clement Bay"]
[Date "2015.03.20"]
[Round "9"]
[White "Twitchell, David J"]
[Black "Wojciechowski, Paul"]
[Result "1/2-1/2"]
[WhiteElo "1972"]
[BlackElo "2018"]
[PlyCount "95"]
[EventDate "2015.03.15"]
[EventType "swiss"]
[EventRounds "9"]
[EventCountry "GCI"]
[SourceTitle "CBM 165 Extra"]
[Source "ChessBase"]
[SourceDate "2015.04.21"]
[SourceVersion "1"]
[SourceVersionDate "2015.04.21"]
[SourceQuality "1"]

1. e4 g6 2. d4 Bg7 3. c3 d6 4. f4 e5 5. dxe5 dxe5 6. Qxd8+ Kxd8 7. fxe5 Nc6 8. Bg5+ Ke8 9. Nf3 Nxe5 10. Nxe5 Bxe5 11. Nd2 h6 12. Bh4 Be6 13. Nf3 Bd6 14. Bb5+ c6 15. Ba4 b5 16. Bb3 g5 17. Bxe6 fxe6 18. Bf2 c5 19. e5 Bf8 20. 0-0 Rh7 21. Rad1 Rd8 22. Rxd8+ Kxd8 23. Rd1+ Rd7 24. Rxd7+ Kxd7 25. g4 Kc6 26. h4 gxh4 27. Bxh4 Bg7 28. Kf2 Kd5 29. Ke3 Bxe5 30. Nxe5 Kxe5 31. Bg3+ Kd5 32. Bh4 e5 33. b3 Ke6 34. c4 bxc4 35. bxc4 Nf6 36. g5 hxg5 37. Bxg5 Kf5 38. Bh4 Ng4+ 39. Kd2 e4 40. Be7 Ne5 41. Bxc5 Nxc4+ 42. Kc3 Nb6 43. Kd4 Kf4 44. Bf8 Kf3 45. Bh6 Nd7 46. a4 a5 47. Kc4 Nb6+ 48. Kb5 1/2-1/2